000
00258nam a2200121Ia 4500
008
190216s9999||||xx |||||||||||||| ||und||
100
_a
Chora G L
245
0
_a
Gymnosperms
260
_b
S Naggin&Co.
_c
1968
300
_a
171p
650
_a
Botany
942
_c
BK
999
_c
1155
_d
1155